000
00389nam a2200133Ia 4500
008
151001s9999||||xx |||||||||||||| ||und||
100
_a
जगन्नाथ प्रसाद मिश्र
245
_a
मदन मोहन मालवीय
250
_a
1
260
_b
जवाहरलाला नेहरू
260
_c
1987
300
_a
97
365
_b
24
999
_c
966808
_d
966805